000 01968nam a2200301 i 4500
003 DO-SdBNP
005 20250822112213.0
007 ta
008 250822t2025 dr ac 000 0 spa d
020 _z9789945293500
040 _aDO-SdBNP
_bspa
_cBNPHU
_erda
041 _aspa
_heng
082 _axxxx
_bR621
_222
100 1 _aRivera, José
_eautor
_4aut.
_988201
245 1 0 _aPoemas, reflexiones, oraciones... y café :
_bpoems, reflections, prayers... and coffee /
_cJosé Rivera ; revisión, Carmen Rosa Estrada Paulino
264 1 _aSanto Domingo :
_b[editor no identificado],
_c2025.
300 _a93 páginas
_bilustraciones, fotografías
_c23 cm.
336 _atexto
_btxt
_2rdacontent
337 _asin mediación
_bn
_2rdamedia
338 _avolumen
_bnc
_2rdacarrier
500 _aIncluye datos biográficos del autor en la página 93.
500 _aLibro en español e inglés.
520 _aEste libro llegó a tus manos en el momento justo, tal como llega una buena conversación acompañada de café. Cada página está impregnada de reflexiones sinceras, poemas que hablan al alma y oraciones que elevan el espíritu, invitándote a un encuentro íntimo contigo misma y con lo divino. Entre estas líneas descubrirás que la vida, al igual que una taza de café, tiene matices sutiles que sólo aprecias cuando te detienes, respiras profundo y observas con atención. Permite que estas palabras te acompañen en esos instantes de calma y pausa, ofreciéndote consuelo, inspiración y fortaleza. Que este libro sea tu compañero fiel en tus momentos de quietud, invitándote a encontrar belleza en lo cotidiano, paz en medio del ruido y espiritualidad en cada sorbo que disfrutes lentamente. ¡Prepárate un café, abre tu corazón y deja que estas páginas transformen suavemente tu día!
590 _aInventariado, 2025/ YL
700 1 _aEstrada Paulino, Carmen Rosa
_erevisión
_4re.
_988528
910 _aYLockward
942 _2ddc
_cLBS1
999 _c59810
_d59810